000 01224nam a2200277 a 4500
001 BRL_1375
005 20190320211154.0
008 090114s1979----u--ao#####---#000-0#eng-#
041 _aeng
044 _au
050 4 _aNK845
_b.M67 1979
100 1 _aMorris, Walter F.
_926680
245 1 0 _aThe weaving and folk art of Chiapas, Mexico
_ba catalogue of The Pellizzi Collection of Chiapas weaving, The Pomar Collection of Chiapas brocaded samplers, The Morris Collection of Chiapas huipiles and brocaded samplers
_cCollected and catalogued by Walter F. Morris, Jr., May, 1977 ; photography Peter Ebner.
260 _a[Estados Unidos]
_b[s.n.]
_c[1979]
300 _a2 v.
_bil., fotografías (blanco y negro)
_c28 cm.
500 _av.1 Au1645, v.2 Au1644
500 _aIncluye dedicatoria a Ruth Lechuga en el v.1
500 _aTítulo de la cubierta: ´A catalog of Textiles and folkart of Chiapas, México´
504 _aBibliografía : p. 388-394
505 0 _av.1 Abasolo to Saltillo.- v.2 San Andres to Zinacantan.
650 1 4 _aArte popular
_vCatálogos
_zChiapas
_926681
650 1 4 _aIndustría textil
_vCatálogos
_zChiapas
_926682
700 1 _aEbner, Peter
_eil.
_926683
902 _aGRL
942 _2lcc
_cB
999 _c10186
_d10186